|
|
|
|
| LEADER |
00000nab a2200000 a 4500 |
| 001 |
vtls000143731 |
| 003 |
SK-MaSNL |
| 005 |
20260305035456.0 |
| 008 |
250422c1983 xo 0 slo |
| 015 |
|
|
|a SNBRB19rr/mm-uuuuu
|
| 035 |
|
|
|a CL0153838
|
| 035 |
|
|
|a urn:nbn:sk:snk-abbc27
|
| 035 |
|
|
|a (urnnbn)urn:nbn:sk:snk:ar-00614m
|
| 035 |
|
|
|a (uuid)4ee3c2db-963e-4dff-8a29-87f9a4c2b421
|
| 040 |
|
|
|a SNKBUCL
|b slo
|c SNKBUCL
|e AACR2
|
| 041 |
0 |
|
|a slo
|
| 044 |
|
|
|a xo
|c SK
|
| 080 |
|
|
|a 631.82
|2 1981
|
| 080 |
|
|
|a 633.32
|2 1981
|
| 100 |
1 |
|
|a Kečkeméthy, Alexander
|4 aut
|9 582672
|
| 245 |
1 |
0 |
|a Dymamika narastania dočasných ďatelinotrávnych miešaniek, hnojených PK a NPK v podmienkach závlah
|c Alexander Kečkeméthy
|
| 300 |
|
|
|b Obr. 2. Tb. 3., lit. 12 zázn. v češ., slov., ruš.
|
| 650 |
0 |
7 |
|a hnojivá
|2 snkbucl
|9 15432
|
| 650 |
0 |
7 |
|a krmoviny
|2 snkbucl
|9 14432
|
| 655 |
|
7 |
|a články z novín a časopisov
|2 snkbucl
|9 267496
|
| 773 |
0 |
|
|t Agrochémia
|g Roč. 23, č. 2 (1983), s. 36-39
|
| 850 |
|
|
|a Slovenská národná knižnica
|
| 852 |
|
|
|a Slovenská národná knižnica
|
| 954 |
|
|
|a odborná, vedecká literatúra pôvodná (slovenská)
|2 lita
|
| 958 |
|
|
|a article15
|
| 958 |
|
|
|a OND
|
| 958 |
|
|
|a NB
|
| 958 |
|
|
|a RK
|
| 958 |
|
|
|a EUIPO
|
| 992 |
|
|
|a RBX
|
| 999 |
|
|
|c 3333992
|d 3335922
|